Geometry Dash Top 1s - Sudden Death - Statistics

General Stats
  • This quiz has been taken 458 times
  • The average score is 4 of 20
Answers on the Grid
Answers color-coded by a green-red scale on the quiz's grid according to % correct below.
Time Machine
Tidal Wave
Silent Clubstep
Glimmer
Yatagarasu
Digital Dissaray
The Hell Factory
Cluttered Confusion
Crimson Planet
Sunset Sandstorm
Black Blizzard
Plasma Pulse Finale
Death Note
Abyss of Darkness
Theory of Darkness
demon park
Blade of Justice
To the Grave
WcropoliX
Stalemate Redux
SubSonic
BP Night
Timor
xo
demon world
Kuzureta
Nullscapes
Fexty
White Space
Thinking Space II
Clubstep
poocubed
Cimmerian Shade
Athanatos
ICE Carbon Diablo X
Renevant
Artificial Ascent
Cataclysm
The Hell World
Oblivion
MINUSdry
Sonic Wave
Blooodbath
Deadlocked
Sakupen Hell
 
Answer Stats
Answer % Correct
Tidal Wave
92%
Yatagarasu
37%
Thinking Space II
28%
Blooodbath
23%
Crimson Planet
22%
Sonic Wave
22%
Abyss of Darkness
21%
demon park
19%
ICE Carbon Diablo X
19%
Plasma Pulse Finale
18%
Sakupen Hell
13%
Artificial Ascent
9%
Stalemate Redux
9%
BP Night
8%
To the Grave
7%
Theory of Darkness
5%
demon world
4%
Athanatos
3%
Fexty
3%
The Hell World
1%
No matching quizzes found
Score Distribution
Percent of People with Each Score
Percentile by Number Answered
Your Score History
You have not taken this quiz